000 00681nam a22002177a 4500
005 20150805122100.0
010 _aENG-113137
020 _a9788179103425
_c650.00
035 _aEN-96669
037 _bDBAD/PUB
082 _a338.04
245 _aInspirational thoughts for entrepreneurs /
_ccompiled by Rajesh Kaushik, Upendra Kaushik [and] Shakshi Arora
250 _a.
260 _aJaipur
_bAavishkar Publishers, Distributors
_c2011
270 _a807, Vyas Building, Chaura Rasta,
_bJaipur
_e302003
300 _a194p.
_c22cm(Hb)
700 _aKaushik, Rajesh
700 _aKaushik, Upendra
700 _aArora, Shakshi
942 _2ddc
_cEN
_mINS
_h338.04
999 _c93804
_d93804